| 000 | 00413nam a22001457a 4500 | ||
|---|---|---|---|
| 082 |
_a531 _bBOW _cL-6, P-10 |
||
| 100 |
_aO. Bower, Ernest _939820 |
||
| 245 |
_aLaboratory manual dynamic physics _cErnest O. Bower |
||
| 260 |
_aUSA _bRand Monally & Company _c1943 |
||
| 300 | _avi, 296P: | ||
| 526 |
_a0 _b0 _c0 _d531_000000000000000_BOW |
||
| 650 |
_aMCE _9379 |
||
| 700 |
_aEnrest O. Bower _939821 |
||
| 942 |
_2ddc _cBK |
||
| 999 |
_c544246 _d544246 |
||